Biotechnological methods of pollution control / (Record no. 12384)
[ view plain ]
| 000 -LEADER | |
|---|---|
| fixed length control field | 00510cam a2200181ua 4500 |
| 020 ## - INTERNATIONAL STANDARD BOOK NUMBER | |
| ISBN | 9788173710988 |
| 041 ## - LANGUAGE CODE | |
| Language code of text/sound track or separate title | eng |
| 082 ## - DEWEY DECIMAL CLASSIFICATION NUMBER | |
| Classification number | 628.52 |
| Item number | ABB/BI |
| 100 ## - MAIN ENTRY--AUTHOR NAME | |
| Personal name | Sa, Abbasi . |
| 245 ## - TITLE STATEMENT | |
| Title | Biotechnological methods of pollution control / |
| 260 ## - PUBLICATION, DISTRIBUTION, ETC. (IMPRINT) | |
| Place of publication | Hyderabad : |
| Name of publisher | Universities press India Pvt Ltd , |
| Year of publication | 2003. |
| 300 ## - PHYSICAL DESCRIPTION | |
| Number of Pages | 168 ; . |
| 700 1# - ADDED ENTRY--PERSONAL NAME | |
| Personal name | E, Ramasami . |
| 942 ## - ADDED ENTRY ELEMENTS (KOHA) | |
| Koha item type | Books |
| Withdrawn status | Lost status | Damaged status | Home library | Current library | Date acquired | Full call number | Accession Number | Koha item type |
|---|---|---|---|---|---|---|---|---|
| KAUAET | KAUAET | 07/04/2012 | 628.52 | 20923 | Books |
